A Clash of Kings POV Characters Quiz Stats

Quiz Updated Oct 7, 2014

Challenge
Share
Tweet
Embed
Score 0/10 Timer 02:00
1 Play Today
# of Chapters Character % Correct
15Tyrion Lannister
94%
10Arya Stark
93.2%
8Jon Snow
90.3%
8Sansa Stark
87.3%
7Bran Stark
79.9%
5Daenerys Targaryen
74.4%
7Catelyn Tully
74.1%
6Theon Greyjoy
59.9%
3Davos Seaworth
58.7%
1Maester Cressen
36.9%

You're not logged in!

Compare scores with friends on all Sporcle quizzes.
Sign Up with Email
OR
Log In

You Might Also Like...

Show Comments

Extras

Top Quizzes Today


Score Distribution

Your Account Isn't Verified!

In order to create a playlist on Sporcle, you need to verify the email address you used during registration. Go to your Sporcle Settings to finish the process.